Revealed comparative advantage and decomposition of export growth: The case of India's selected rubber products (Record no. 49861)

MARC details
000 -LEADER
fixed length control field 00518nam a2200133Ia 4500
100 ## - MAIN ENTRY--AUTHOR NAME
Personal name Joseph J
245 #0 - TITLE STATEMENT
Title Revealed comparative advantage and decomposition of export growth: The case of India's selected rubber products
260 ## - PUBLICATION, DISTRIBUTION, ETC. (IMPRINT)
Name of publisher Workshop for the Members of Automotive Tyre Manufacturers Association, 25th July 2014, Rubber Research Institute of India, Kottayam, India.
650 ## - SUBJECT ADDED ENTRY--TOPICAL TERM
Topical Term Export
650 ## - SUBJECT ADDED ENTRY--TOPICAL TERM
Topical Term Rubber products
700 ## - ADDED ENTRY--PERSONAL NAME
Personal name George K T
942 ## - ADDED ENTRY ELEMENTS (KOHA)
Koha item type Bibliography STAF
Holdings
Withdrawn status Lost status Damaged status Not for loan Home library Current library Shelving location Date acquired Koha item type
      Bibliography RRII Library RRII Library Economics 09/04/2014 Bibliography STAF